00762naa a2200157 i 45000010005000000030009000050050017000140080041000310400029000720410008001011000119001092450101002285460019003296550030003487730226003789090KOSZ 00520180508135249.0180316s2007 pl |000 0 pol  aKOSZ 005/HRcKOSZ 005/HR0 apol1 aZAWADZKA, Danuta.d2007-2011.bPolitechnika Koszalińska - Instytut Ekonomii i Zarządzania,cZakład Finansów10aZakres finansowania działalności mikroprzedsiębiorstw kredytem bankowym /cDanuta Zawadzka. aStreszcz. ang. 0aMateriały konferencyjne.0 iW :tProblemy rozwoju rynku finansowego w aspekcie wzrostu gospodarczego / pod red. Piotra Karpusia, Jerzego Węcławskiego. -dLublin : Wydaw. Uniwersytetu Marii Curie-Skłodowskiej, 2007. -gs. 581-587.z9788322727409